Visualizzazione normale
Vista MARC
- Iglesia Católica
di Corporate Name
Records bibliografici associati: 1
001 - CONTROL NUMBER
- control field: 58360
003 - CONTROL NUMBER IDENTIFIER
- control field: IT-RoINE
005 - DATE AND TIME OF LATEST TRANSACTION
- control field: 20190401104615.0
008 - FIXED-LENGTH DATA ELEMENTS
- fixed length control field: 190401|| aca||aabn | a|a d
040 ## - CATALOGING SOURCE
- Original cataloging agency: IT-RoINE
- Transcribing agency: IT-RoINE
110 24 - HEADING--CORPORATE NAME
- Corporate name or jurisdiction name as entry element: Iglesia Católica
- General subdivision: Espionaje soviético
- General subdivision: Fuentes
670 ## - SOURCE DATA FOUND
- Source citation: Work cat.: (IT-RoINE): L'affaire Pax en France., 1960.